Pretty Little Liars - Statistics

General Stats
  • This quiz has been taken 1,113 times
  • The average score is 17 of 44
Answer Stats
Hint Answer % Correct
The girl who went missing Alison Dilaurentis
100%
Mike's girlfriend Mona Vanderwaall
65%
Wilden drugged her on the Ghost Train Aria Montgomery
61%
She thought Paige was A Spencer Hastings
60%
Had an inappropriate relationship with Toby Cavanaugh
60%
Garrett's old neighbour Emily Fields
58%
Mrs Grenwald went to see her in Season 7 Hanna Marin
57%
Spencer's half-brother Jason Dilaurentis
55%
Noel helped them in the dollhouse Cece Drake
53%
Lucas let him stay at his house Caleb Rivers
52%
Emily's first girlfriend Maya St Germain
52%
Jason slept with a liar's mom Ashley Marin
50%
Helped her with a USB drive Jenna Marshall
49%
His oldest daughter Melissa Hastings
48%
Ella's son who was depressed Mike Montgomery
48%
His ex-wife Ella Montgomery
45%
The thought "A" when Wayne saved Emily Ezra Fitz
45%
Melissa's dead husband Ian Thomas
45%
Her dad who had an affair Byron Montgomery
44%
Hanna's first boyfriend Sean Ackerman
44%
Cece Drake's original name Charles Dilaurentis
42%
Sean's bestfriend Noel Khan
42%
Friends with Ian in the N.A.T club Garrett Reynolds
39%
Killed Toby's mother Bethany Young
37%
His wife Jessica Dilaurentis
37%
Ashley slept with him to get Hanna out of trouble Darren Wilden
36%
Who Nate was trying to kill Paige McCullers
36%
Works at Radley and doesn't like Eddie Wren Kingston
36%
Joined Mona's team Lucas Gottesman
35%
The man she had an affair with Peter Hastings
35%
He asked Ashley to marry him Pastor Ted
34%
Wren's ex-mother-in-law-to-be Veronica Hastings
34%
Friends with Emily's mom Pam Fields
32%
Charles' father's name Kenneth Dilaurentis
25%
Her military husband Wayne Fields
23%
Maya's killer Nate St Germain
21%
Worked at Radley when Bethany was there Eddie Lamb
20%
Ezra's ex-girlfriend Maggie Cutler
20%
Maggie's child Malcolm Cutler
16%
Told Aria about Malcom Wesley Fitz
5%
Wes kissed Aria Montgomery
4%
The person who saved Alison Mrs Grenwald
3%
Aria killed Shana Fring
3%
Shana's love intrest's "seeing eye dog" Sydney Driscoll
1%
No matching quizzes found
Score Distribution
Percent of People with Each Score
Percentile by Number Answered
Your Score History
You have not taken this quiz